| 000 | 01291nam a2200253Ia 4500 | ||
|---|---|---|---|
| 003 | Ost | ||
| 005 | 20260507075127.0 | ||
| 008 | 260507s9999||||xx |||||||||||||| ||und|| | ||
| 020 | _a8513119957 | ||
| 040 | _cfsecg | ||
| 041 | _aara | ||
| 082 | _a330 | ||
| 100 |
_aالتميمي، هادي _eمؤلف |
||
| 245 | 0 |
_aمدخل إلى التدقيق من الناحية النظرية والعملية / _c هادي التميمي |
|
| 250 | _aطبعة 3 | ||
| 260 |
_aعمان: _bدار وائل, _c2006 |
||
| 300 |
_a339 صفحة؛ _c25 سم |
||
| 520 | _aالتخطيط للتدفق-قواعد السلوك المهني-المسؤوليات القانونية-الرقابة الداخلية-الأدلة-عينات التدقيق في التدقيق الجوهري-المراجعة بواسطة الحاسوب-التدقيق وقانون الشركات-تقارير مدقق الحسابات-تدقيق النقدية-دورة المصروفات-الإيرادات-المبيعات والذمم المدينة والمقبوظة-حقوق المالكين-المطلوبات والإلتزامات | ||
| 653 | _aالتخطيط للتدقيق | ||
| 653 | _aالمصروفات | ||
| 653 | _aتدقيق النقدية | ||
| 653 | _aحقوق المالكين | ||
| 942 | _cكتاب | ||
| 999 |
_c43159 _d43159 |
||